000 00548nam a2200181Ia 4500
999 _c2721
_d2721
003 OSt
005 20200819131324.0
008 190216s9999||||xx |||||||||||||| ||und||
040 _coclc
082 _a541.3
_bPUR/P
100 _aPuri, B R
_94153
245 0 _aPrinciples Of Physical Chemistry /
_cB R Puri ; L R Sharma ; M S Pathania
250 _a25th Ed.
260 _bShobhan Lal Nagin Chand & Co.
_c2000.
_aJlandhar:
300 _a1146p
650 _aChemistry-Chemistry
942 _cBK
_2ddc
_h541.3
_iPUR/P
_k541.3
_mPUR/P